000 00731nam a22002175i 4500
001 177214
003 ES-MaACL
005 20230906220259.0
008 110309s1953 sp o |||| | spa d
080 _a725.94(460.188 S.)
100 1 _aCeballos-Escalera, Isabel de.
_9145500
245 1 0 _aSegovia monumental /
_cpor Isabel de Ceballos-Escalera.
260 _aMadrid :
_bPlus-Ultra,
_cimp. 1953.
300 _a157 p. :
_bfot. bl. y n. ;
_c22 cm.
490 1 _aLos monumentos cardinales de España ;
_v15
504 _aBibliografía: p. 157.
650 4 _aMonumentos-
_zSegovia.
_9145501
830 0 _aLos monumentos cardinales de España ;
_v15
_9190368
852 _aES-MaACL
_jE-14628
_xOlim P-1021
999 _c177214
_d177214